Statistics for Two Letter Answers #1

Click here to take the quiz!

General Stats

  • This quiz has been taken 45,686 times
    (45,664 since last reset)
  • The average score is 15 of 30

Answer Stats

Clue Answer % Correct
Approximately 3.14Pi
96%
HelloHi
93%
Former spouseEx
80%
Be quiet!Sh
78%
Sound of hesitationUm
72%
Pixar movieUp
71%
Slang for hairstyleDo
67%
Measure of aciditypH
64%
Meditation wordOm
63%
Woodcutter's toolAx
62%
Egyptian sun godRa
62%
A note to follow SolLa
61%
Santa's syllableHo
61%
Stomach muscleAb
61%
Stephen King novelIt
59%
One of Jupiter's moonsIo
46%
Psyche componentId
44%
Thanks, in BritainTa
43%
Beast of burdenOx
41%
AustraliaOz
38%
Italian riverPo
35%
One of the "Little Women"Jo
27%
Chicago railwayEl
23%
Chinese strategy gameGo
23%
__! MTV RapsYo
22%
Martial artist's long staffBo
21%
Karate uniformGi
19%
Archaic spelling of "the"Ye
18%
Chinese life forceQi
15%
Kipling poemIf
13%

Score Distribution

Percentile by Number Answered

Percent of People with Each Score

Your Score History

You have not taken this quiz since the last reset